| 000 | 01532cam a2200373 a 4500 | ||
|---|---|---|---|
| 999 |
_c126325 _d126325 |
||
| 001 | 4889139 | ||
| 003 | ARRUPE | ||
| 005 | 20170322144912.0 | ||
| 008 | 930827s1993 gau b 011 0 eng | ||
| 010 | _a 93033152 | ||
| 020 | _a1555409040 (alk. paper) | ||
| 020 | _a1555409059 (pbk. : alk. paper) | ||
| 040 |
_aDLC _cDLC _dDLC |
||
| 050 | 0 | 0 |
_aBL21.W8 _bM87 1993 |
| 082 | 0 | 0 |
_a200 _220 |
| 245 | 0 | 2 |
_aA Museum of faiths : _bhistories and legacies of the 1893 World's Parliament of Religions / _cedited by Eric J. Ziolkowski. |
| 260 |
_aAtlanta, Ga. : _bScholars Press, _cc1993. |
||
| 300 |
_axiii, 366 p. ; _c23 cm. |
||
| 440 | 0 |
_aClassics in religious studies ; _vno. 9 _929497 |
|
| 504 | _aIncludes bibliographical references and index. | ||
| 611 | 2 | 0 |
_aWorld's Parliament of Religions _d(1893 : _cChicago, Ill.) _929498 |
| 650 | 0 |
_aReligions. _929499 |
|
| 650 | 0 |
_aReligions _xRelations. _929500 |
|
| 650 | 0 |
_aReligion. _929501 |
|
| 650 | 0 |
_aReligions _xStudy and teaching. _929502 |
|
| 650 | 0 |
_aReligions (Proposed, universal, etc.) _929503 |
|
| 650 | 0 |
_aWomen and religion. _929504 |
|
| 700 | 1 |
_aZiolkowski, Eric Jozef, _d1958- _929505 |
|
| 711 | 2 |
_aWorld's Parliament of Religions _d(1893 : _cChicago, Ill.) _929498 |
|
| 906 |
_a7 _bcbc _corignew _d1 _eocip _f19 _gy-gencatlg |
||
| 942 |
_2lcc _cMONOGRAPH |
||